Pattukal Vol.1 (Record no. 17736)
[ view plain ]
| 000 -LEADER | |
|---|---|
| fixed length control field | 00291nam a22001217a 4500 |
| 003 - CONTROL NUMBER IDENTIFIER | |
| control field | OSt |
| 008 - FIXED-LENGTH DATA ELEMENTS--GENERAL INFORMATION | |
| fixed length control field | 231011b |||||||| |||| 00| 0 eng d |
| 041 ## - LANGUAGE CODE | |
| Language code of text/sound track or separate title | eng |
| 082 ## - DEWEY DECIMAL CLASSIFICATION NUMBER | |
| Classification number | 894.8121 |
| Item number | YOG |
| 245 ## - TITLE STATEMENT | |
| Title | Pattukal Vol.1 |
| 260 ## - PUBLICATION, DISTRIBUTION, ETC. (IMPRINT) | |
| Place of publication | Thrissur |
| Name of publisher | Yogkshemam company, Thrishivaperur |
| Year of publication | 1927 |
| 942 ## - ADDED ENTRY ELEMENTS (KOHA) | |
| Koha item type | Books |
| Withdrawn status | Lost status | Damaged status | Home library | Current library | Date acquired | Full call number | Accession Number | Koha item type | Public note |
|---|---|---|---|---|---|---|---|---|---|
| Withdrawn | KAUAET | Malayalam University | 11/10/2023 | 894.8121 YOG | 8903 | Books | Transferred to Malayalam University |
